Classement perpétuel Liga : 2024 - Statistiques

Statistiques générales
  • Ce quiz a été pris 195 fois
  • Le résultat moyen est 20 sur 61
Statistiques - réponses
Nombre de saison en Liga Dernière saison Réponse % Correct
93 En cours Real Madrid / Madrid
99%
1 1957 Barcelona Atlétic / Barcelone
97%
93 En cours Barcelone
97%
3 1931 Europa Barcelona / Barcelone
97%
58 En cours Real Bétis / Betis Séville / Séville
82%
80 En cours Séville
81%
89 En cours Valence
80%
93 En cours Athletic Bilbao / Bilbao
78%
77 En cours Real Sociedad
66%
24 En cours Villarreal
65%
87 En cours Atlhétco Madrid / Madrid
55%
35 En cours Las Palmas
55%
19 En cours Getafe
52%
4 En cours Girona
51%
37 2018 Malaga
51%
31 En cours Majorque
49%
58 En cours Celta Vigo
48%
27 En cours Grenade
45%
46 2023 Real Valladolid / Valladolid
44%
42 En cours Osasuna
43%
58 2013 Real Saragosse / Saragosse
42%
2 1981 AD Almeria / Almeria
41%
8 En cours UD Almeria / Almeria
41%
18 En cours Deportivo Alaves / Alaves
40%
16 En cours Cadix
38%
87 2023 Espanyol Barcelone
38%
42 2017 Sporting Gijon / Gijon
37%
21 En cours Rayo Vallecano
36%
16 2022 Levante
35%
7 2021 Eibar
34%
24 2023 Elche
29%
13 2002 Tenerife
28%
44 2012 Racing Santander / Santander
27%
4 2020 Leganes
26%
2 2021 Huesca
24%
38 2001 Real Oviedo / Oviedo
22%
46 2018 Deporvito la Corogne / Corogne
16%
9 2015 Cordoba
14%
18 2008 Real Murcie / Murcie
14%
9 1993 Burgos
13%
5 2009 Recreativo Huelva / Huelva
12%
20 1982 Hercules
7%
1 2010 Xerez
6%
4 2007 Gimnastic de Tarragona / Tarragona
5%
12 1999 Salamanque
5%
11 1991 Club deportivo Castellon / Castellon
4%
9 1997 Logrones
4%
7 1935 Arenas de Getxo / Getxo
3%
4 1998 Compostela
3%
2 1999 Extremadura
3%
2 1998 Merida
3%
4 1932 Real Union Irun / Irun
3%
14 1988 Sabadell
3%
7 2005 Albacete Balompié
2%
4 1951 Alcoyano
2%
1 1956 Cultural Leonesa / Leonesa
2%
6 1970 Pontevedra
2%
3 1958 Real Jaen
2%
2 1994 Unio Esportiva Lleida / Lleida
2%
1 1952 Moghreb Tetouan / Tetouan
1%
4 2009 Numencia
1%
Aucun quiz correspondant
Distribution des résultats
% des personnes avec chaque résultat
Percentile par nombre de réponses
Votre historique - résultats
Vous n’avez pas pris ce quiz